000 00392nam a22001217a 4500
082 _a200 THE
100 _aMUHAMMAD SALMAN
_915906
245 _aTH-SOF-1071-ASPHALT COURSE CRACKS DETECTION IN PAVEMENT IMAGES USING FREQUENCY BASED TECHNIQUE
260 _aISLAMABAD
_bNUST COLLEGE OF EME
_c2015
650 _aMS-MTS-70 MSTHESIS
700 _aSUPERVISOR DR. KHURRAM KAMAL
_969887
942 _cCF
999 _c577617
_d577617